| 000 | 00766nab a2200241 4500 | ||
|---|---|---|---|
| 003 | BR-BrBNA | ||
| 005 | 20241211122309.0 | ||
| 008 | 241211b bl.||||| |||| 00| 0 por d | ||
| 040 |
_aBR-BrBNA _bpor |
||
| 072 |
_aF06 ; N20 _b1910 |
||
| 100 | _aFontanetti, João Marcos | ||
| 245 | _aSistema de alas móveis para irrigação de pastagem | ||
| 500 | _a6 illus. | ||
| 520 | _aSISTEMA DE IRRIGAÇÃO DE ALAS MÓVEIS | ||
| 520 | _aMOBILIDADE | ||
| 650 | _aPASTAGEM | ||
| 650 | _aIRRIGAÇÃO POR ASPERSÃO | ||
| 650 | _aEQUIPAMENTO DE IRRIGAÇÃO | ||
| 650 | _aMOVIMENTO | ||
| 773 | 0 |
_04820 _9344746 _dVotuporanga/SP IRRIGAZINE 2009 _o2024-5078 _tIrrigazine (Brazil) _gv. 9(37) p. 24-25; (Jun 2014) _wBR2024003913 |
|
| 942 | _cANA | ||
| 999 |
_c329177 _d329177 |
||